000 00511nam a2200181Ia 4500
008 090123s9999 xx 000 0 und d
082 _b3754
100 _aराजरत्नं जी.पी.
245 _aनागन पदगळु
250 _a3
260 _c1974
300 _a80
600 _aराजरत्नं जी.पी.
630 _aनागन पदगळु
700 _aराजरत्नं जी.पी.
730 _aनागन पदगळु
942 _cBOOK
999 _c41833
_d41833